000 00953nas a2200325 4500
001 BR2013002863
003 BR-BrBNA
005 20231205122156.0
007 ta
008 230509b bl.|||p| |||| 00| 00por d
040 _aBR-BrBNA
_bpor
_cBiblioteca Nacional de Agricultura
041 _a(Pt)
072 _aF01; F08
100 1 _aAguiar, E.B.
100 1 _aValle, T.L.
100 1 _aLorenzi, J.O.
100 1 _aKanthack, R.A.D.
100 1 _aMiranda Filho, H.
100 1 _aGranja, N. do P.
245 1 _aEfeito da densidade populacional e época de colheita na produção de raízes de mandioca de mesa
650 _aMANDIOCA
650 _aÉPOCA DE COLHEITA
650 _aRENDIMENTO
650 _aRAIZ
650 _aQUALIDADE
650 _aPRODUTIVIDADE
773 0 _tBragantia (Brazil)
_xISSN 0006-8705
_g(jul-sep 2011), v. 70(3) p. 561-569
_wBR2013002863
909 _a202311
_bLúcia
_c55
_dLúcia Elande
942 _2AGRIS
_n0
_cANA
999 _c227294
_d227294